-
RAO,P. S.S. SUNDAR AND RICHARD ,J
Entry Personal Name
Number of records used in: 1
001 - CONTROL NUMBER
003 - CONTROL NUMBER IDENTIFIER
005 - DATE AND TIME OF LATEST TRANSACTION
- control field:
20230403151655.0
008 - FIXED-LENGTH DATA ELEMENTS
- fixed length control field:
230403|| aca||aabn | a|a d
040 ## - CATALOGING SOURCE
- Original cataloging agency:
JRU
- Transcribing agency:
JRU
100 ## - HEADING--PERSONAL NAME
- Personal name:
RAO,P. S.S. SUNDAR AND RICHARD ,J
670 ## - SOURCE DATA FOUND
- Source citation:
Work cat.: (JRU)8267: RAO,P. S.S. SUNDAR AND RICHARD ,J ., INTRODUCTION TO BIOSTATISTIC AND RESEARCH METHODS